000 01103nam a22002777a 4500
003 OSt
005 20250710125010.0
008 200909s2008 ck a|||gr|||| 00| 0 spa d
020 _a9789587047226
040 _aCO-JMCR
_cCO-JMCR
041 0 _aspa
082 0 4 _aN
_bLEAc
_223
100 1 _aLeal Quevedo, Francisco,
_eautor
_910005
245 1 3 _aEl camino de Matilde /
_cFrancisco Leal Quevedo ; ilustraciones de Andrezzinho
250 _aPrimera edición
260 _aBogotá :
_bAlfaguasra,
_c2008.
300 _a85 páginas
_bilustraciones a blanco y negro ;
_c20 cm.
490 1 _aalfaguara infantil :
_aMatilde y el ladrón de los sueños.
520 0 _aMudarse del campo a la ciudad nunca es fácil. sobretodo, cuando los viejos amigos y las mascotas quedan atrás y la razón del viaje es la enfermedad de un ser querido.
521 _aDesde 8 años
_btapa posterior.
650 2 4 _aMudanzas en la literatura
_910006
650 2 4 _aViajes en la literatura
_910007
650 2 4 _aAventuras
_xliteratura infantil
_910008
700 1 _aAndrezzinho
_eilustrador
_910009
942 _2ddc
_cBK
999 _c6830
_d6830